Normal view
MARC view
Entry Personal Name
001 - CONTROL NUMBER
- control field: 12853
003 - CONTROL NUMBER IDENTIFIER
- control field: ARRUPE
005 - DATE AND TIME OF LATEST TRANSACTION
- control field: 20141126123143.0
008 - FIXED-LENGTH DATA ELEMENTS
- fixed length control field: 141126|| aca||aabn | a|a d
040 ## - CATALOGING SOURCE
- Original cataloging agency: ARRUPE
- Transcribing agency: ARRUPE
100 ## - HEADING--PERSONAL NAME
- Personal name: Bricmont, J.
- Fuller form of name: (Jean)
670 ## - SOURCE DATA FOUND
- Source citation: Work cat.: (ARRUPE)0: Sokal, Alan D., 1955- 12847, Intellectual impostures :, 1998